| 000 | 00453nam a2200181Ia 4500 | ||
|---|---|---|---|
| 005 | 20231006121337.0 | ||
| 008 | 131103s9999 xx 000 0 und d | ||
| 040 | _aLoreto College | ||
| 041 | _aEnglish | ||
| 082 |
_aF _bREM |
||
| 100 | _aRemarque,Erich Maria | ||
| 245 |
_aThree Comrades _cErich Maria Remarque |
||
| 260 |
_aNew York _bPopular Library _c1936 |
||
| 300 | _a382 p. | ||
| 650 | _aFiction in English | ||
| 850 | _aLCLIB | ||
| 942 | _cBK | ||
| 999 |
_c14593 _d65072 |
||